NBA: Raptors Scoring Leader Every Season - Statistics

General Stats
  • This quiz has been taken 54 times
  • The average score is 23 of 28
Answer Stats
Season PPG Position Answer % Correct
2018 23.0 G DeMar DeRozan
98%
2017 27.3 G DeMar DeRozan
98%
2016 23.5 G DeMar DeRozan
98%
2015 20.1 G DeMar DeRozan
98%
2014 22.7 G DeMar DeRozan
98%
2013 19.5 G DeMar DeRozan
98%
2019 26.6 F Kawhi Leonard
98%
2023 24.2 F Pascal Siakam
96%
2022 22.8 F Pascal Siakam
96%
2021 21.4 F Pascal Siakam
96%
2020 22.9 F Pascal Siakam
96%
2004 22.5 G Vince Carter
96%
2003 20.6 G Vince Carter
96%
2002 24.7 G Vince Carter
96%
2001 27.6 G Vince Carter
96%
2000 25.7 G Vince Carter
96%
1999 18.3 G Vince Carter
96%
2010 24.0 C Chris Bosh
85%
2009 22.7 C Chris Bosh
85%
2008 22.3 C Chris Bosh
85%
2007 22.6 C Chris Bosh
85%
2006 22.5 C Chris Bosh
85%
1998 19.4 G Damon Stoudamire
48%
1997 20.2 G Damon Stoudamire
48%
1996 19.0 G Damon Stoudamire
48%
2012 19.5 C Andrea Bargnani
46%
2011 21.4 C Andrea Bargnani
46%
2005 18.5 F Jalen Rose
22%
No matching quizzes found
Score Distribution
Percent of People with Each Score
Percentile by Number Answered
Your Score History
You have not taken this quiz